000 00528nam a2200181Ia 4500
999 _c8043
_d8043
003 OSt
005 20200128132603.0
008 190216s9999||||xx |||||||||||||| ||und||
020 _a9780070091535
040 _coclc
082 _a658.5
_bCHA/P
100 _aChary, S N
_91529
245 0 _aProduction & Operations Management /
_cS N Chary
250 _a4th ed.
260 _bTata Mcgraw Hill Publishing Company Ltd,
_c2011.
_aNew Delhi:
300 _a865p
942 _cBK
_2ddc
_h658.5
_iCHA/P
_k658.5
_mCHA/P